Big Neighbors Countries Quiz Stats

 Plays Quiz Updated Oct 3, 2018

Score 0/30 Timer 06:00
8 Plays Today
Neighbor Population Country % Correct
2,010,293,988China
89.9%
1,541,838,063Russia
89.8%
1,827,320,609India
88.1%
342,446,869Mexico
88%
2,777,385,057Pakistan
86.3%
326,625,791Canada
84.8%
2,661,238,682Nepal
80.2%
377,444,862Iran
76.8%
1,709,817,887Afghanistan
76.6%
2,894,606,101Myanmar
75.2%
1,402,633,963Vietnam
75.1%
1,337,059,725Bangladesh
74.9%
1,572,741,589North Korea
74.3%
1,521,560,290Mongolia
74.1%
1,615,205,369Laos
73.4%
Neighbor Population Country % Correct
1,562,449,548Kazakhstan
66.7%
437,158,133France
64.8%
1,448,965,563Tajikistan
59%
300,270,329Peru
57.3%
295,379,568Poland
56.4%
1,436,076,883Kyrgyzstan
55.8%
299,362,458Niger
53%
307,416,346Bolivia
52.6%
2,661,238,682Bhutan
52.2%
289,738,118Colombia
51.8%
329,438,467Malaysia
40.8%
284,496,753Chad
40.1%
313,095,819Azerbaijan
36.1%
318,808,088South Sudan
26.1%
275,197,270Suriname
25.3%

You're not logged in!

Compare scores with friends on all Sporcle quizzes.
OR
Log In

Show Comments

Extras

Top Quizzes Today


Score Distribution

Your Account Isn't Verified!

In order to create a playlist on Sporcle, you need to verify the email address you used during registration. Go to your Sporcle Settings to finish the process.

Report this User

Report this user for behavior that violates our Community Guidelines.

Details: